| 000 | 01257cam a2200361 i 4500 | ||
|---|---|---|---|
| 001 | 24938 | ||
| 003 | Mx-PuUPA | ||
| 005 | 20251006110332.0 | ||
| 008 | 140415s1999 mx gr 001 0 spa d | ||
| 020 | _a9682301351 | ||
| 040 |
_cMx-PuUPA _aMx-PuUPA _bspa _dMx-PuUPA _erda |
||
| 041 | 1 |
_aspa _hfre |
|
| 100 | 1 |
_aGuiraud, Pierre, _d1912-1983 _eautor _9119 |
|
| 240 | 1 |
_aLa sémiologie. _lEspañol |
|
| 245 | 1 | 3 |
_aLa semiología / _cPierre Guiraud ; traducción de Maria Teresa Poyrazian |
| 250 | _aVigecimocuarta edición | ||
| 264 | 1 |
_aMéxico, D.F. : _bSiglo XXI editores, _c1999 |
|
| 300 |
_a133 páginas ; _c18 cm |
||
| 336 |
_2rdacontent _atexto _btxt |
||
| 337 |
_2rdamedia _asin medio _bn |
||
| 338 |
_2rdacarrier _avolumen _bnc |
||
| 490 | 0 | _aLingüística | |
| 650 | 7 |
_2armarc _aSemántica |
|
| 650 | 7 |
_2armarc _aSemiología (Lingüistica) |
|
| 650 | 7 |
_2armarc _aSímbolos |
|
| 650 | 7 |
_2armarc _aSemiótica |
|
| 700 | 1 |
_aPoyrazian, María Teresa, _etraductor |
|
| 765 | 0 |
_aGuiraud, Pierre _tLa sémiologie _bPrimera edición en francés _dParis : Presses Universitaires de France, ©1971 |
|
| 942 |
_2ddc _cLI _h401.43 _iG4318 |
||
| 999 |
_c24938 _d24938 |
||